[Event "1. liga V 18/19, SM-RnK"]
[Site ""]
[Date "2019.01.06"]
[Round "5.6"]
[White "Pavlicek, Miroslav"]
[Black "Zpevakova, Jana"]
[Result "0-1"]
[WhiteElo "1944"]
[BlackElo "2062"]
[PlyCount "0"]
[WhiteTeam "Panda Rychnov n. K."]
[BlackTeam "SK Stare Mesto"]
[EventDate "2018.10.21"]

1. d4 d5 2. g3 Nf6 3. Bg2 c6 4. Nc3 Bf5 5. Nf3 e6 6. Nh4 Nbd7 7. Nxf5 exf5 8.
Qd3 g6 9. Bg5 Bg7 10. O-O-O h6 11. Bxf6 Nxf6 12. f3 O-O 13. e4 fxe4 14. fxe4
dxe4 15. Nxe4 Nxe4 16. Bxe4 c5 17. d5 Qd6 18. c3 Rab8 19. Rde1 b5 20. Qf3 Qa6
21. Kb1 b4 22. Rc1 bxc3 23. Rxc3 Bxc3 24. Qxc3 f5 25. Bc2 Qf6 26. Qxf6 Rxf6 27.
Re1 Kf8 28. Ba4 g5 29. Kc2 f4 30. g4 f3 31. Bd7 f2 32. Rf1 Rf4 33. b3 Rbb4 34.
Bc6 Rbd4 35. h3 Ke7 36. a3 Kd6 37. Kc3 Rf3+ 38. Kc2 Rdf4 0-1

[Event "1. liga V 18/19, SM-RnK"]
[Site ""]
[Date "2019.01.06"]
[Round "5.7"]
[White "Mrkus, Frantisek"]
[Black "Zikmund, Jaroslav"]
[Result "1-0"]
[WhiteElo "2120"]
[BlackElo "1826"]
[PlyCount "0"]
[WhiteTeam "SK Stare Mesto"]
[BlackTeam "Panda Rychnov n. K."]
[EventDate "2018.10.21"]

1. e4 c5 2. Nf3 Nc6 3. d4 cxd4 4. Nxd4 d6 5. c4 Nf6 6. Nc3 g6 7. Be2 Bg7 8. Be3
O-O 9. O-O Bd7 10. a3 a5 11. f3 Ne5 12. b3 Bc6 13. Qd2 Qc7 14. b4 axb4 15. axb4
Bd7 16. Nd5 Nxd5 17. cxd5 Rfc8 18. Rxa8 Rxa8 19. Rc1 Qd8 20. b5 Rc8 21. h3 Be8
22. f4 Nd7 23. Nc6 bxc6 24. dxc6 Nb8 25. Bg4 e6 26. f5 h5 27. Bf3 Nxc6 28. bxc6
Rxc6 29. Rxc6 Bxc6 30. fxe6 fxe6 31. Bf4 e5 32. Be3 Qe7 33. Qc3 Bd7 34. Qd2 Bf8
35. Bg5 Bg7 36. Bxe7 1-0

[Event "1. liga V 18/19, SM-RnK"]
[Site ""]
[Date "2019.01.06"]
[Round "5.8"]
[White "Martyniuk, Vladislav"]
[Black "Bazant, Petr"]
[Result "1/2-1/2"]
[WhiteElo "1818"]
[BlackElo "2244"]
[PlyCount "0"]
[WhiteTeam "Panda Rychnov n. K."]
[BlackTeam "SK Stare Mesto"]
[EventDate "2018.10.21"]

1. e4 c5 2. c3 d5 3. exd5 Qxd5 4. d4 e6 5. Nf3 Nf6 6. Be2 cxd4 7. cxd4 Be7 8.
Nc3 Qd6 9. Nb5 Qd8 10. O-O a6 11. Nc3 Nc6 12. Be3 O-O 13. Ne5 Bd7 14. Bf3 Rc8
15. Nxd7 Qxd7 16. d5 exd5 17. Nxd5 Nxd5 18. Bxd5 Rfd8 19. Bf3 Qxd1 20. Raxd1
Rxd1 21. Rxd1 Bf6 22. h3 1/2-1/2

[Event "1. liga V 18/19, Hostalkova-Gordic"]
[Site ""]
[Date "2019.01.06"]
[Round "5.1"]
[White "Ponizil, Cyril"]
[Black "Haba, Petr"]
[Result "1-0"]
[WhiteElo "2499"]
[BlackElo "2444"]
[PlyCount "0"]
[WhiteTeam "Sachy Hostalkova"]
[BlackTeam "SK Gordic"]
[EventDate "2018.10.21"]

1. e4 e5 2. Nf3 Nf6 3. Nxe5 d6 4. Nf3 Nxe4 5. d4 d5 6. Bd3 Nc6 7. O-O Be7 8. c4
Nb4 9. Be2 O-O 10. Nc3 Bf5 11. Bf4 dxc4 12. Bxc4 Nxc3 13. bxc3 Nd5 14. Qd2 Be4
15. Ne5 Nb6 16. Bb3 Bd6 17. Bg5 Qc8 18. Rfe1 Bd5 19. c4 Bxe5 20. dxe5 Bxc4 21.
Bc2 Re8 22. Qf4 Re6 23. Bf5 Qf8 24. Re3 Rae8 25. Bxe6 fxe6 26. Qd4 c5 27. Qc3
h6 28. Rf3 1-0

[Event "1. liga V 18/19, Hostalkova-Gordic"]
[Site ""]
[Date "2019.01.06"]
[Round "5.2"]
[White "Zwardon, Vojtech"]
[Black "Roubalik, Jakub"]
[Result "1/2-1/2"]
[WhiteElo "2455"]
[BlackElo "2412"]
[PlyCount "0"]
[WhiteTeam "SK Gordic"]
[BlackTeam "Sachy Hostalkova"]
[EventDate "2018.10.21"]

1. c4 Nf6 2. Nc3 e6 3. e4 d5 4. e5 d4 5. exf6 dxc3 6. bxc3 Qxf6 7. Nf3 Nd7 8.
d4 Qd8 9. Bd3 Be7 10. O-O O-O 11. c5 c6 12. Qa4 Nxc5 13. Bxh7+ Kxh7 14. dxc5
Qd5 15. Be3 Qf5 16. Rfe1 e5 17. Bg5 f6 18. Rxe5 fxe5 19. Bxe7 Re8 20. Re1 Qf4
21. Re4 Qc1+ 22. Re1 Qf4 23. Re4 1/2-1/2

[Event "1. liga V 18/19, Hostalkova-Gordic"]
[Site ""]
[Date "2019.01.06"]
[Round "5.3"]
[White "Motuz, Karol"]
[Black "Holtman, Teodor"]
[Result "1-0"]
[WhiteElo "2360"]
[BlackElo "2290"]
[PlyCount "0"]
[WhiteTeam "Sachy Hostalkova"]
[BlackTeam "SK Gordic"]
[EventDate "2018.10.21"]

1. d4 f5 2. g3 Nf6 3. Bg2 g6 4. Nf3 Bg7 5. O-O O-O 6. b3 d6 7. Bb2 c6 8. Nbd2
Qc7 9. c4 Re8 10. Qc2 e5 11. c5 e4 12. cxd6 Qxd6 13. Ne5 Be6 14. e3 Nbd7 15.
Ndc4 Qc7 16. Ba3 c5 17. Rac1 b5 18. Nxd7 Nxd7 19. Nd2 Rac8 20. Bxc5 Nxc5 21.
dxc5 b4 22. Rfd1 Bc3 23. Bf1 Qxc5 24. Bc4 g5 25. Bxe6+ Rxe6 26. Nc4 f4 27. Rd7
f3 28. Qd1 Qf5 29. Rd5 Qg4 30. Qf1 Rh6 31. Rcd1 Bf6 32. Ne5 Qe6 33. Nd7 Bd8 34.
Nc5 Qe8 35. Nxe4 Be7 36. Nxg5 Qh5 37. h4 Rg6 38. Qh3 Rc2 39. Qf5 Rxg5 40. Rd8+
Kg7 41. hxg5 1-0

[Event "1. liga V 18/19, Hostalkova-Gordic"]
[Site ""]
[Date "2019.01.06"]
[Round "5.4"]
[White "Kratochvil, Josef"]
[Black "Pala, Vladimir"]
[Result "1/2-1/2"]
[WhiteElo "2304"]
[BlackElo "2228"]
[PlyCount "0"]
[WhiteTeam "SK Gordic"]
[BlackTeam "Sachy Hostalkova"]
[EventDate "2018.10.21"]

1. e4 g6 2. d4 Bg7 3. Nc3 d6 4. Be3 c6 5. a4 d5 6. Nf3 dxe4 7. Nxe4 Nd7 8. Bc4
Nb6 9. Bb3 Nf6 10. Nxf6+ exf6 11. O-O O-O 12. Qd2 Be6 13. Bxe6 fxe6 14. Bh6 Qd7
15. Bxg7 Kxg7 1/2-1/2

[Event "1. liga V 18/19, Hostalkova-Gordic"]
[Site ""]
[Date "2019.01.06"]
[Round "5.5"]
[White "Karlik, Ondrej"]
[Black "Piza, Vlastimil"]
[Result "0-1"]
[WhiteElo "2194"]
[BlackElo "2225"]
[PlyCount "0"]
[WhiteTeam "Sachy Hostalkova"]
[BlackTeam "SK Gordic"]
[EventDate "2018.10.21"]

1. e4 c5 2. Nf3 d6 3. d4 cxd4 4. Nxd4 Nf6 5. Nc3 a6 6. f3 Qb6 7. Nb3 e6 8. Qe2
Qc7 9. Be3 b5 10. O-O-O Nbd7 11. g4 b4 12. Nb1 Nb6 13. N1d2 Nfd7 14. Nc4 Nxc4
15. Qxc4 Qxc4 16. Bxc4 Be7 17. h4 h5 18. g5 Ne5 19. Be2 Bd7 20. Rhg1 Bb5 21.
Bxb5+ axb5 22. Kb1 Nxf3 23. Rh1 O-O 24. Rhf1 Ne5 25. Nd4 Ra6 26. Nxb5 Rb8 27.
Nd4 Rba8 28. a3 bxa3 29. b3 a2+ 30. Ka1 g6 31. Nb5 Rb8 32. c4 Bf8 33. Bd4 Nd7
34. Rf2 Nc5 35. Rxa2 Nxb3+ 36. Kb2 Rxa2+ 37. Kxa2 Na5 38. Na3 Rc8 39. Rc1 Bg7
40. Bb6 Nb7 41. Nb5 Rc6 42. Be3 Be5 43. Kb3 Nc5+ 44. Bxc5 dxc5 45. Rd1 Bg3 46.
Rh1 Ra6 47. Rh3 Be5 48. Rh1 Kf8 49. Kc2 Ke7 50. Kd3 Ra2 51. Ke3 Rc2 52. Rb1
Rxc4 53. Na7 Bg3 54. Rb7+ Ke8 55. Nc6 Rc3+ 56. Kd2 Ra3 57. Rb5 Bxh4 58. Rxc5
Rg3 59. e5 Bxg5+ 60. Ke2 Re3+ 61. Kf2 Ra3 62. Rc4 Be3+ 63. Kg2 g5 64. Rb4 Kd7
65. Rc4 Rb3 66. Rc2 Rb6 67. Na5 Bf4 68. Nc4 Rb5 69. Ra2 Bxe5 70. Ra7+ Ke8 71.
Kf3 g4+ 72. Ke4 f5+ 73. Ke3 h4 74. Rh7 h3 75. Kf2 Rc5 76. Nb6 Rc7 77. Rh6 Kf7
0-1

[Event "1. liga V 18/19, Hostalkova-Gordic"]
[Site ""]
[Date "2019.01.06"]
[Round "5.6"]
[White "Seidl, Stepan"]
[Black "Krejca, Jakub"]
[Result "1-0"]
[WhiteElo "2157"]
[BlackElo "2164"]
[PlyCount "0"]
[WhiteTeam "SK Gordic"]
[BlackTeam "Sachy Hostalkova"]
[EventDate "2018.10.21"]

1. e4 e6 2. Qe2 e5 3. g3 Nf6 4. Bg2 Bc5 5. Nf3 Nc6 6. O-O d6 7. h3 Be6 8. c3
O-O 9. d3 Re8 10. Kh2 Bb6 11. Ng5 d5 12. Nxe6 fxe6 13. Nd2 a5 14. a4 Qe7 15.
Nf3 Rad8 16. Nh4 Rf8 17. Bg5 Qd7 18. Rad1 h6 19. Bc1 Qe8 20. Bf3 Rd7 21. Bg2
Qh5 22. Bf3 Qe8 23. Bg2 Qh5 24. Qxh5 Nxh5 25. Bf3 Nf6 26. Ng6 Re8 27. exd5 exd5
28. Bg2 Kf7 29. Nh4 g5 30. Nf5 Kg6 31. Ne3 Rf8 32. f4 exf4 33. gxf4 Re8 34. d4
Ne4 35. Rde1 Rf8 36. fxg5 Rxf1 37. Rxf1 hxg5 38. Nxd5 Nd6 39. Re1 Rf7 40. Re6+
Kf5 41. Rh6 Bxd4 42. cxd4 Nxd4 43. Ne3+ Ke5 44. Ng4+ Kf5 45. Rxd6 1-0

[Event "1. liga V 18/19, Hostalkova-Gordic"]
[Site ""]
[Date "2019.01.06"]
[Round "5.7"]
[White "Vraj, Ondrej"]
[Black "Kulovana, Eva"]
[Result "0-1"]
[WhiteElo "1999"]
[BlackElo "2200"]
[PlyCount "0"]
[WhiteTeam "Sachy Hostalkova"]
[BlackTeam "SK Gordic"]
[EventDate "2018.10.21"]

1. e4 c6 2. d4 d5 3. exd5 cxd5 4. Bd3 Nc6 5. c3 Qc7 6. h3 e6 7. Nf3 Bd6 8. O-O
Nge7 9. Re1 O-O 10. Qc2 Ng6 11. h4 Re8 12. h5 Nf8 13. h6 g6 14. Bg5 Bf4 15.
Bxf4 Qxf4 16. Qd2 Qxd2 17. Nbxd2 f6 18. c4 Bd7 19. a3 Nd8 20. Nh2 Bc6 21. Ng4
Nd7 22. b4 f5 23. Ne3 Nf6 24. b5 Bd7 25. Nb3 b6 26. c5 Nf7 27. a4 Nxh6 28. c6
Bc8 29. a5 Rb8 30. Rec1 Re7 31. Nc2 Nf7 32. Nb4 Ne8 33. Nd2 Nc7 34. Nc2 a6 35.
bxa6 Bxa6 36. Nb4 Bxd3 37. Nxd3 bxa5 38. Rxa5 e5 39. dxe5 Nxe5 40. Nf4 Rd8 41.
Rcc5 Rd6 42. Nxd5 Nxd5 43. Rxd5 Rxd5 44. Rxd5 Nxc6 45. Nf3 Kg7 46. Rd2 Nb8 47.
Rb2 Nc6 48. Rd2 Rb7 49. Rc2 Ne7 50. Rd2 Ng8 51. Rd1 Nf6 52. Ne5 g5 53. Nc4 Rc7
54. Ne3 f4 55. Nd5 Rd7 56. Nc3 Rb7 57. Nd5 Ng4 58. Re1 Rb5 59. Rd1 Rb2 60. f3
Nh6 61. Re1 Nf5 62. Re5 Ng3 63. Re1 h6 64. Kh2 Nf5 65. Kh3 Nh4 66. Rg1 Nf5 67.
Re1 Rd2 68. Nc3 Ne3 69. Rg1 h5 70. Ne4 g4+ 71. fxg4 hxg4+ 72. Kh4 Re2 73. Nc3
Rc2 74. Ne4 Kg6 0-1

[Event "1. liga V 18/19, Hostalkova-Gordic"]
[Site ""]
[Date "2019.01.06"]
[Round "5.8"]
[White "Zigo, Viktor"]
[Black "Veselsky, Frantisek"]
[Result "1-0"]
[WhiteElo "2253"]
[BlackElo "1971"]
[PlyCount "0"]
[WhiteTeam "SK Gordic"]
[BlackTeam "Sachy Hostalkova"]
[EventDate "2018.10.21"]

1. e4 d5 2. exd5 Qxd5 3. Nc3 Qa5 4. Bc4 c6 5. d3 Bf5 6. Bd2 e6 7. Nf3 Qc7 8.
Qe2 Nd7 9. Nd4 Bg6 10. Bxe6 O-O-O 11. Bh3 Ngf6 12. O-O-O Re8 13. Qf3 Bd6 14.
Nf5 Bxf5 15. Qxf5 Kd8 16. d4 Nb6 17. Bg5 h6 18. Bxf6+ gxf6 19. Qxf6+ Be7 20.
Qf5 Nc4 21. d5 Nd6 22. dxc6 bxc6 23. Ne4 1-0

[Event "1. liga V 18/19, Junrov-Gordic"]
[Site ""]
[Date "2019.01.20"]
[Round "6.1"]
[White "Bures, Jaroslav"]
[Black "Zwardon, Vojtech"]
[Result "1/2-1/2"]
[WhiteElo "2393"]
[BlackElo "2455"]
[PlyCount "0"]
[WhiteTeam "Jezdci Jundrov"]
[BlackTeam "SK Gordic"]
[EventDate "2018.10.21"]

1. d4 Nf6 2. Nf3 e6 3. c4 c5 4. d5 b5 5. dxe6 fxe6 6. cxb5 a6
7. e3 Be7 8. Nc3 O-O 9. a4 d5 10. b3 Ng4 11. h3 Bf6 12. Bb2 Nxf2 13. Kxf2 d4
14. exd4 Bxd4+ 15. Ke1 Bb7 16. bxa6 Bxf3 17. gxf3 Nc6 18. Qe2 Qf6 19. Ne4 Qe5
20. Rb1 Bxb2 21. Qxb2 Nd4 22. Be2 Rxf3 23. Bxf3 Nxf3+ 24. Kf2 Qxe4 25. Qe2 Qh4+
26. Kxf3 Rf8+ 27. Kg2 Qg5+ 28. Kh2 Qf4+ 29. Kg2 Qg5+ 30. Kh2 Qf4+ 1/2-1/2

[Event "1. liga V 18/19, Junrov-Gordic"]
[Site ""]
[Date "2019.01.20"]
[Round "6.2"]
[White "Holtman, Teodor"]
[Black "Buchnicek, Petr"]
[Result "1-0"]
[WhiteElo "2290"]
[BlackElo "2326"]
[PlyCount "0"]
[WhiteTeam "SK Gordic"]
[BlackTeam "Jezdci Jundrov"]
[EventDate "2018.10.21"]

1. e4 c6 2. Nc3 d5 3. Nf3 Bg4 4. h3 Bxf3 5. Qxf3 Nf6 6. d3 e6 7. a3 Bd6 8. g3
O-O 9. Bg2 Nbd7 10. O-O d4 11. Nb1 e5 12. Qe2 c5 13. Nd2 b5 14. f4 Nb6 15. Nf3
Nh5 16. Qe1 exf4 17. e5 Nxg3 18. exd6 Re8 19. Qd1 Qxd6 20. Rf2 Nd5 21. Ng5 Re5
22. Ne4 Nxe4 23. Bxe4 Rae8 24. Qf3 g5 25. Rg2 Kf8 26. Bd2 h6 27. h4 Ne3 28.
Bxe3 dxe3 29. hxg5 hxg5 30. Kf1 {=} Ke7 31. Ke2 Rh8 32. Rag1 Qf6 33. c3 Rh4 34.
Ba8 Kf8 35. Qb7 f3+ 36. Qxf3 Rf4 37. Qh3 Rf2+ 38. Ke1 Re8 39. Be4 Rxb2 40. Rxb2
Qxc3+ 41. Kd1 Qxb2 42. Qh6+ Qg7 43. Qxg7+ Kxg7 44. Rxg5+ Kf6 45. Rxc5 Re5 46.
Rc7 a5 47. Ke2 Ke6 48. Rc6+ Ke7 49. Kxe3 b4 50. axb4 axb4 51. Rb6 Re6 52. Rxe6+
Kxe6 53. Kd4 f5 54. Bd5+ Kd6 55. Bb3 f4 56. Ke4 Kc5 57. d4+ 1-0

[Event "1. liga V 18/19, Junrov-Gordic"]
[Site ""]
[Date "2019.01.20"]
[Round "6.3"]
[White "Pisk, Petr"]
[Black "Kratochvil, Josef"]
[Result "1/2-1/2"]
[WhiteElo "2329"]
[BlackElo "2304"]
[PlyCount "0"]
[WhiteTeam "Jezdci Jundrov"]
[BlackTeam "SK Gordic"]
[EventDate "2018.10.21"]

1. e4 c5 2. Nf3 d6 3. d4 cxd4 4. Qxd4 a6 5. c4 Nc6 6. Qe3 Nf6 7. h3 g6 8. Be2
Bg7 9. O-O O-O 10. Nc3 b6 11. Rd1 Nd7 12. b3 Bb7 13. Bb2 Rc8 14. Rd2 Re8 15.
Nd5 Bxb2 16. Rxb2 e6 17. Nc3 Nce5 18. Nxe5 Nxe5 19. Rd2 Qc7 20. Na4 Bc6 21.
Nxb6 Rb8 22. c5 dxc5 23. Nc4 Nxc4 24. Bxc4 Qe5 25. Rc1 Bb5 26. Rdc2 Red8 27.
Bxb5 Rxb5 28. a4 Rb4 29. Rxc5 Qxe4 30. Qxe4 Rxe4 31. Rc8 Rxc8 32. Rxc8+ Kg7 33.
Rb8 Re1+ 34. Kh2 Rb1 35. a5 g5 36. Kg3 f5 37. Kf3 h5 38. Ke3 Rb2 39. Rb6 Kf6
40. g3 g4 41. hxg4 1/2-1/2

[Event "1. liga V 18/19, Junrov-Gordic"]
[Site ""]
[Date "2019.01.20"]
[Round "6.4"]
[White "Karasek, Lukas"]
[Black "Musil, Jiri"]
[Result "1/2-1/2"]
[WhiteElo "2289"]
[BlackElo "2198"]
[PlyCount "0"]
[WhiteTeam "SK Gordic"]
[BlackTeam "Jezdci Jundrov"]
[EventDate "2018.10.21"]

1. Nf3 Nf6 2. c4 e6 3. g3 b6 4. Bg2 Bb7 5. O-O Be7 6. d4 d5 7. cxd5 exd5 8. Nc3
O-O 9. Ne5 Nbd7 10. Qa4 Nxe5 11. dxe5 Ne8 12. Nxd5 Bxd5 13. Rd1 c6 14. e4 Nc7
15. exd5 cxd5 16. Bf4 Bc5 17. b4 b5 18. Qb3 Bb6 19. Bxd5 Nxd5 20. Rxd5 Qe8 21.
Rc1 Rd8 22. Rcd1 Qc6 23. Rxd8 Rxd8 24. Rxd8+ Bxd8 25. Be3 Bb6 26. Qd3 h6 27.
Bxb6 axb6 28. a3 g6 {=} 29. h4 Kg7 30. Kh2 h5 31. Qd4 Kf8 32. Qd8+ Kg7 33. Qd3
Qc4 34. Qd6 Qe2 35. Qf6+ Kg8 36. Qxb6 Qxe5 37. Qd8+ Kg7 38. Qd3 Qf6 39. Kg2
Qc6+ 40. Kf1 Qc1+ 41. Ke2 Qb2+ 42. Ke3 Qe5+ 43. Qe4 Qc3+ 44. Ke2 Qb2+ 45. Kf1
Qc1+ 46. Kg2 Qc7 47. Qd5 Qb6 48. Qa8 Qd6 49. Qb7 Qe5 50. Qc6 Qe2 51. Qc3+ Kg8
52. Qe3 Qc4 53. Kg1 Qc6 54. Kf1 Kg7 55. Ke1 Kh7 56. Ke2 Qc2+ 57. Kf3 Qf5+ 58.
Kg2 Qd5+ 59. Qf3 Qd7 60. Qe4 Kg7 61. Kf3 Kh7 62. Kg2 1/2-1/2

[Event "1. liga V 18/19, Junrov-Gordic"]
[Site ""]
[Date "2019.01.20"]
[Round "6.5"]
[White "Skacelik, Petr"]
[Black "Piza, Vlastimil"]
[Result "1-0"]
[WhiteElo "2162"]
[BlackElo "2225"]
[PlyCount "0"]
[WhiteTeam "Jezdci Jundrov"]
[BlackTeam "SK Gordic"]
[EventDate "2018.10.21"]

1. d4 Nf6 2. c4 e6 3. Nc3 d5 4. Bg5 Nbd7 5. e3 c6 6. Nf3 Be7 7. Rc1 O-O 8. Bd3
h6 9. Bh4 dxc4 10. Bxc4 Nd5 11. Bxe7 Qxe7 12. O-O Nxc3 13. Rxc3 c5 14. Bb5 cxd4
15. Nxd4 Nf6 16. Qf3 e5 17. Nf5 Bxf5 18. Qxf5 a6 19. Bc4 Rad8 20. Qc2 Rd7 21.
Rd1 Rfd8 22. Rxd7 Rxd7 23. h3 e4 24. Bb3 g6 25. Rc8+ Rd8 26. Qc7 Qxc7 27. Rxc7
Rd7 28. Rxd7 Nxd7 29. Bd5 b6 30. Bxe4 Kf8 31. Kf1 Ke7 32. Bd5 f6 33. Ke2 Kd6
34. Bf7 g5 35. Bg8 a5 36. f4 Nc5 37. Kd2 b5 38. a3 b4 39. axb4 axb4 40. Bc4 Na4
41. Kc2 Nc5 42. Bg8 Kc6 43. Bf7 Kd6 44. Kd2 Na4 45. b3 Nc5 46. Ke2 Ke7 47. Bc4
f5 48. Kf3 Kf6 49. Bd5 Nd3 50. g4 fxg4+ 51. hxg4 Nc5 52. Bc4 Ke7 53. e4 gxf4
54. Kxf4 Kf6 55. e5+ Kg6 56. Ke3 Kg5 57. Kd4 Nd7 58. e6 Nf6 59. e7 1-0

[Event "1. liga V 18/19, Junrov-Gordic"]
[Site ""]
[Date "2019.01.20"]
[Round "6.6"]
[White "Kulovana, Eva"]
[Black "Bednar, Jakub"]
[Result "1/2-1/2"]
[WhiteElo "2200"]
[BlackElo "2190"]
[PlyCount "0"]
[WhiteTeam "SK Gordic"]
[BlackTeam "Jezdci Jundrov"]
[EventDate "2018.10.21"]

1. e4 e5 2. Nf3 Nc6 3. Bb5 Nge7 4. Nc3 g6 5. d4 exd4 6. Nd5 Bg7 7. Bg5 h6 8.
Bf6 Bxf6 9. Nxf6+ Kf8 10. O-O d6 11. Nxd4 Kg7 12. Nd5 Bd7 13. Nxc6 {=} Nxc6 14.
Bxc6 Bxc6 15. Qd4+ f6 16. f4 Bxd5 17. exd5 Re8 18. Rae1 Qd7 19. f5 gxf5 20.
Rxe8 Rxe8 21. Qxa7 Qb5 22. Qd4 Re4 23. Qf2 Qxb2 24. Qxf5 Qd4+ 25. Kh1 Qe5
1/2-1/2

[Event "1. liga V 18/19, Junrov-Gordic"]
[Site ""]
[Date "2019.01.20"]
[Round "6.7"]
[White "Ruzicka, Frantisek"]
[Black "Zigo, Viktor"]
[Result "0-1"]
[WhiteElo "2078"]
[BlackElo "2253"]
[PlyCount "0"]
[WhiteTeam "Jezdci Jundrov"]
[BlackTeam "SK Gordic"]
[EventDate "2018.10.21"]

1. c4 e5 2. Nc3 d6 3. Nf3 g6 4. g3 Bg7 5. Bg2 Nf6 6. O-O O-O 7. d3 Re8 8. Bd2
c6 9. Rb1 d5 10. cxd5 cxd5 11. d4 e4 12. Ne1 Nc6 13. Nc2 Be6 14. h3 Qd7 15. Kh2
Rac8 16. b4 b6 17. e3 h5 18. Ne2 Ne7 19. Na3 h4 20. Qb3 Nf5 21. Rfc1 hxg3+ 22.
fxg3 Qd6 23. Rf1 Nh5 24. Be1 Bh6 25. Nf4 Nhxg3 26. Bxg3 Nxg3 27. Kxg3 g5 28.
Nb5 Qb8 29. Nc3 gxf4+ 30. exf4 Kh8 31. Ne2 Rg8+ 32. Kh2 Rg6 33. Qe3 Rcg8 34.
Rf2 Qd8 35. Rg1 Qh4 36. Bf1 Rxg1 37. Nxg1 Bg4 38. Rg2 Bh5 39. Rxg8+ Kxg8 40.
Qg3+ Qxg3+ 41. Kxg3 Bg7 42. Ne2 Kf8 43. Nc3 Bxd4 44. Nxd5 e3 0-1

[Event "1. liga V 18/19, Junrov-Gordic"]
[Site ""]
[Date "2019.01.20"]
[Round "6.8"]
[White "Kratochvil, Karel"]
[Black "Ruzicka, Martin"]
[Result "1-0"]
[WhiteElo "2162"]
[BlackElo "1945"]
[PlyCount "0"]
[WhiteTeam "SK Gordic"]
[BlackTeam "Jezdci Jundrov"]
[EventDate "2018.10.21"]

1. d4 d5 2. c4 c6 3. Nc3 Nf6 4. Bg5 e6 5. Nf3 Be7 6. e3 Nbd7 7. Qc2 h6 8. Bh4
O-O 9. O-O-O dxc4 10. Bxc4 Nb6 11. Bb3 Nbd5 12. Kb1 Bd7 13. Ne5 a5 14. Nxd5
Nxd5 15. Bxe7 Qxe7 16. e4 Nb6 17. Qc5 Qd8 18. a3 Nc8 19. Rhe1 a4 20. Ba2 b6 21.
Qc2 Ne7 22. Re3 Qc7 23. Rc3 Rfd8 24. f4 Be8 25. g4 Kh8 26. g5 f6 27. gxf6 gxf6
28. Rh3 h5 29. Qe2 fxe5 30. Rxh5+ Kg7 31. Rg1+ Bg6 32. Qg4 Rh8 33. Rg5 Rh6 34.
Qxe6 Kh7 35. f5 Rf8 36. dxe5 Rxf5 37. Rxf5 Qd8 38. Rf7+ Kh8 1-0

[Event "1. liga V 18/19, Rychnov-Hostalkova"]
[Site ""]
[Date "2019.01.20"]
[Round "6.1"]
[White "Kozusek, Daniel"]
[Black "Ponizil, Cyril"]
[Result "0-1"]
[WhiteElo "2358"]
[BlackElo "2499"]
[PlyCount "0"]
[WhiteTeam "Panda Rychnov n. K."]
[BlackTeam "Sachy Hostalkova"]
[EventDate "2018.10.21"]

1. d4 Nf6 2. Nf3 e6 3. Bf4 c5 4. e3 Qb6 5. Na3 d5 6. Nb5 Na6 7. a4 Be7 8. Ne5
O-O 9. c3 Bd7 10. Nxd7 Nxd7 11. Bd3 Qd8 12. O-O Nf6 13. Qf3 Qd7 14. Qh3 g6 15.
Bg5 Nh5 16. g4 Ng7 17. Qg3 f6 18. Bf4 f5 19. h3 b6 20. b3 cxd4 21. exd4 Rac8
22. a5 Rc6 23. Be5 Bf6 24. Bxf6 Rxf6 25. Qe5 Rf7 26. Ra2 Nc7 27. Nxa7 Rxc3 28.
axb6 Rxd3 29. bxc7 Qxc7 30. Nb5 Qxe5 31. dxe5 fxg4 32. Nd6 Rf8 33. hxg4 Rxb3
34. Ra7 Rf4 35. Rc1 Rxg4+ 36. Kf1 Rb8 37. Rcc7 Nf5 38. Rxh7 Rb1+ 39. Ke2 Nd4+
40. Kd3 Rb3+ 41. Kd2 Rb2+ 42. Kc3 Rxf2 43. Rag7+ Kf8 44. Rb7 Rf3+ 45. Kb4 Rb3+
46. Kc5 Rxb7 47. Nxb7 Nf5 48. Nd8 Rc4+ 49. Kb6 Nd4 50. Rh8+ Ke7 51. Nb7 Rc6+
52. Ka5 Nf5 53. Rh7+ Ke8 54. Rh8+ Kd7 55. Kb5 Nd4+ 56. Ka5 Nf5 57. Kb5 Nd4+ 58.
Ka5 Rc8 59. Rh7+ Kc6 60. Ka4 Kb6 61. Na5 Rc5 62. Nb7 Rc7 63. Rxc7 Kxc7 64. Nc5
Kc6 65. Nd3 g5 66. Kb4 Kd7 67. Kc3 Nc6 68. Kd2 Ke7 69. Ke3 Kf7 70. Kf3 Kg6 71.
Kg4 d4 0-1

[Event "1. liga V 18/19, Rychnov-Hostalkova"]
[Site ""]
[Date "2019.01.20"]
[Round "6.2"]
[White "Roubalik, Jakub"]
[Black "Goluch, Piotr"]
[Result "1-0"]
[WhiteElo "2412"]
[BlackElo "2278"]
[PlyCount "0"]
[WhiteTeam "Sachy Hostalkova"]
[BlackTeam "Panda Rychnov n. K."]
[EventDate "2018.10.21"]

1. d4 Nf6 2. c4 g6 3. Nc3 Bg7 4. e4 d6 5. Nge2 O-O 6. Ng3 c5 7. d5 e6 8. Be2
exd5 9. cxd5 a6 10. a4 Re8 11. O-O Nbd7 12. f3 h5 13. Be3 Nh7 14. Nh1 Qb6 15.
Qd2 Bd4 16. Nf2 Bxe3 17. Qxe3 Qd8 18. f4 b6 19. Bd3 Ndf6 20. Qg3 Ra7 21. Rae1
Kh8 22. Bc4 Ng8 23. e5 Nh6 24. Nce4 Nf5 25. Qc3 Kg8 26. Nxd6 Nxd6 27. exd6 Rf8
28. Ne4 Bf5 29. Ng3 Bg4 30. f5 g5 31. h3 h4 32. Ne4 Bh5 33. Be2 Bxe2 34. Rxe2
f6 35. a5 bxa5 36. Qxc5 Rb7 37. Nc3 Qb6 38. Qxb6 Rxb6 39. Ra1 Rd8 40. Rxa5
Rdxd6 41. Rc5 Nf8 42. Rc8 Kf7 43. Ree8 Nd7 44. Re6 Ne5 45. Ne4 Rxe6 46. fxe6+
Ke7 47. Rc7+ Kd8 48. e7+ Ke8 49. d6 1-0

[Event "1. liga V 18/19, Rychnov-Hostalkova"]
[Site ""]
[Date "2019.01.20"]
[Round "6.3"]
[White "Fiedorek, Michal"]
[Black "Motuz, Karol"]
[Result "0-1"]
[WhiteElo "2183"]
[BlackElo "2360"]
[PlyCount "0"]
[WhiteTeam "Panda Rychnov n. K."]
[BlackTeam "Sachy Hostalkova"]
[EventDate "2018.10.21"]

1. e4 e6 2. d4 d5 3. Nd2 Be7 4. Ngf3 Nf6 5. e5 Nfd7 6. Bd3 c5 7. O-O Nc6 8. Re1
Qb6 9. c4 O-O 10. cxd5 exd5 11. Bb1 Rd8 12. Nf1 cxd4 13. Ng3 Nf8 14. Qd3 g6 15.
a3 a5 16. h4 Ne6 17. Ng5 Nxg5 18. Bxg5 Qxb2 19. Ra2 Qc3 20. Qd1 Bxg5 21. hxg5
Re8 22. Rc2 Qxa3 23. Ra2 Qb4 24. f4 Bg4 25. Qc1 Qc3 0-1

[Event "1. liga V 18/19, Rychnov-Hostalkova"]
[Site ""]
[Date "2019.01.20"]
[Round "6.4"]
[White "Pala, Vladimir"]
[Black "Machlowski, Slawomir"]
[Result "1/2-1/2"]
[WhiteElo "2228"]
[BlackElo "2103"]
[PlyCount "0"]
[WhiteTeam "Sachy Hostalkova"]
[BlackTeam "Panda Rychnov n. K."]
[EventDate "2018.10.21"]

1. Nf3 c5 2. b3 Nf6 3. Bb2 g6 4. c4 Bg7 5. g3 Nc6 6. Bg2 O-O 7. O-O d6 8. d3 e5
9. Nc3 h6 10. Nd2 Be6 11. e4 Nh7 12. Nd5 Nd4 13. Bxd4 exd4 14. f4 Qd7 15. f5
Bxd5 16. exd5 Rae8 17. fxg6 fxg6 18. Ne4 Nf6 19. Nxf6+ Bxf6 20. Be4 Kg7 21. Kg2
Bg5 22. Qe2 Be3 23. Rxf8 Rxf8 24. Rf1 Rxf1 25. Qxf1 b5 26. cxb5 Qxb5 27. Qe2
Qd7 28. Qf3 h5 29. h3 a5 30. h4 Qe7 31. Kh3 Qe5 32. g4 Qf6 33. Qxf6+ Kxf6 34.
g5+ Kf7 1/2-1/2

[Event "1. liga V 18/19, Rychnov-Hostalkova"]
[Site ""]
[Date "2019.01.20"]
[Round "6.5"]
[White "Jonas, Vlastimil"]
[Black "Kula, Dominik"]
[Result "0-1"]
[WhiteElo "2099"]
[BlackElo "2218"]
[PlyCount "0"]
[WhiteTeam "Panda Rychnov n. K."]
[BlackTeam "Sachy Hostalkova"]
[EventDate "2018.10.21"]

1. d4 Nf6 2. Bg5 d5 3. Bxf6 gxf6 4. c4 Nc6 5. e3 Bf5 6. Nc3 dxc4 7. Bxc4 Qd7 8.
Nge2 e6 9. Ng3 Bg6 10. Qf3 O-O-O 11. Bb5 Be7 12. O-O h5 13. Bxc6 Qxc6 14. Qxc6
bxc6 15. Na4 e5 16. dxe5 fxe5 17. Rfc1 Rhg8 18. f3 Bd3 19. Nc5 Bxc5 20. Rxc5 h4
21. Nh1 Be2 22. Kf2 Rd2 23. g3 Bd1+ 24. Kg1 Bxf3 25. Rac1 Rg2+ 26. Kf1 Rxh2 0-1

[Event "1. liga V 18/19, Rychnov-Hostalkova"]
[Site ""]
[Date "2019.01.20"]
[Round "6.6"]
[White "Karlik, Ondrej"]
[Black "Kacirek, Petr"]
[Result "0-1"]
[WhiteElo "2194"]
[BlackElo "2267"]
[PlyCount "0"]
[WhiteTeam "Sachy Hostalkova"]
[BlackTeam "Panda Rychnov n. K."]
[EventDate "2018.10.21"]

1. e4 e6 2. Nc3 d5 3. g3 Ne7 4. Bg2 c5 5. d3 Nbc6 6. f4 g6 7. Nf3 Bg7 8. e5 Rb8
9. O-O O-O 10. h3 b5 11. Kh1 f6 12. exf6 Bxf6 13. Qe2 Qd6 14. Nd1 Nf5 15. Ne3
Nxe3 16. Qxe3 Bd7 17. c3 d4 18. cxd4 Nxd4 19. Nxd4 Bxd4 20. Qe2 Rbe8 21. Be3 e5
22. fxe5 Qxe5 23. Rxf8+ Rxf8 24. Re1 Bxe3 25. Qxe3 Qxe3 26. Rxe3 Rf2 27. Kg1
Rxb2 28. Re7 Bf5 29. Bd5+ Kf8 30. Rxa7 Bxd3 31. Rxh7 c4 32. Rf7+ Ke8 33. Rc7
Kd8 34. Rc5 Ke7 35. Bg8 Kd6 36. Rg5 Kc6 37. Rd5 Rxa2 38. Rd8 Rc2 39. Rc8+ Kd6
40. Rb8 Kc5 41. g4 b4 0-1